ბათუმის შოთა რუსთაველის სახელმწიფო უნივერსიტეტის ბიბლიოთეკა

Математическое программирование в примерах и задачах (ბიბ.ჩანაწერი № 40491)

000 -LEADER
fixed length control field 00614nam a2200205Ia 4500
001 - CONTROL NUMBER
control field 7102
003 - CONTROL NUMBER IDENTIFIER
control field GE_BSU
008 - FIXED-LENGTH DATA ELEMENTS--GENERAL INFORMATION
fixed length control field 181216s||||||||xx |||||||||||||| ||und||
040 ## - CATALOGING SOURCE
Transcribing agency GE_BSU
080 ## - UNIVERSAL DECIMAL CLASSIFICATION NUMBER
Universal Decimal Classification number 519.85
100 ## - MAIN ENTRY--PERSONAL NAME
Personal name Акулич,И.Л.
245 ## - TITLE STATEMENT
Title Математическое программирование в примерах и задачах
245 ## - TITLE STATEMENT
Statement of responsibility, etc. Ред. А.М. Суходский
260 ## - PUBLICATION, DISTRIBUTION, ETC.
Place of publication, distribution, etc. Москва
260 ## - PUBLICATION, DISTRIBUTION, ETC.
Name of publisher, distributor, etc. Высшая школа
260 ## - PUBLICATION, DISTRIBUTION, ETC.
Date of publication, distribution, etc. 1986
300 ## - PHYSICAL DESCRIPTION
Extent 317стр. 20см.
653 ## - INDEX TERM--UNCONTROLLED
Uncontrolled term Математическое программирование
942 ## - ADDED ENTRY ELEMENTS (KOHA)
Koha item type წიგნი
ეგზემპლარები
Withdrawn status Lost status Damaged status Not for loan Date acquired Barcode Date last seen Price effective from Koha item type
        2018-12-17 18073 2018-12-17 2018-12-17 წიგნი